[Event "CZE-chT1E 1920"]
[Site "Czech Republic"]
[Date "2020.06.14"]
[Round "11.4"]
[White "Daniel, Jiri"]
[Black "Svanda, Ondrej"]
[Result "0-1"]
[WhiteElo "1991"]
[BlackElo "2268"]
[PlyCount "70"]
[EventDate "2019.10.20"]
[EventType "team-tourn"]
[EventRounds "11"]
[EventCountry "CZE"]
[SourceTitle "EXT 2021"]
[Source "ChessBase"]
[SourceDate "2020.10.23"]
[SourceVersion "1"]
[SourceVersionDate "2020.10.23"]
[SourceQuality "1"]
[WhiteTeam "Rychnov nad Kneznou"]
[BlackTeam "Brno Moravska Slavia II"]
[WhiteTeamCountry "CZE"]
[BlackTeamCountry "CZE"]

1. c4 c5 2. Nc3 g6 3. g3 Bg7 4. Bg2 Nc6 5. e3 d6 6. Nge2 e5 7. 0-0 Nge7 8. a3 0-0 9. Rb1 a5 10. b3 Rb8 11. Bb2 Be6 12. Nd5 b5 13. d4 exd4 14. exd4 bxc4 15. bxc4 Bf5 16. Nxe7+ Nxe7 17. dxc5 Bxb2 18. Rxb2 Rxb2 19. cxd6 Rxe2 20. Qxe2 Qxd6 21. Qe3 Rc8 22. Rc1 Qc5 23. Qc3 Be6 24. Bf1 Nf5 25. Re1 a4 26. g4 Nd4 27. Re4 Nb5 28. Qa5 Nd6 29. Qxc5 Rxc5 30. Rd4 Nxc4 31. h3 Kg7 32. Be2 Nb6 33. Rb4 Nd5 34. Rc4 Rxc4 35. Bxc4 Nc3 0-1

[Event "CZE-chT2D 1516"]
[Site "Czech Republic"]
[Date "2016.04.17"]
[Round "11.6"]
[White "Daniel, Jiri"]
[Black "Sykora, Josef"]
[Result "1/2-1/2"]
[WhiteElo "1956"]
[BlackElo "2035"]
[PlyCount "21"]
[EventDate "2015.10.18"]
[EventType "team-tourn"]
[EventRounds "11"]
[EventCountry "CZE"]
[SourceTitle "EXT 2022"]
[Source "ChessBase"]
[SourceDate "2021.10.06"]
[SourceVersion "1"]
[SourceVersionDate "2021.10.06"]
[SourceQuality "1"]
[WhiteTeam "Rychnov nad Kneznou"]
[BlackTeam "Pardubice Rapid II"]
[WhiteTeamCountry "CZE"]
[BlackTeamCountry "CZE"]

1. c4 Nf6 2. Nc3 e5 3. e3 d5 4. cxd5 Nxd5 5. Nf3 Nxc3 6. bxc3 Nd7 7. d4 exd4 8. cxd4 Bb4+ 9. Bd2 Bxd2+ 10. Qxd2 0-0 11. Bc4 1/2-1/2

[Event "CZE-chT2C 1516"]
[Site "Czech Republic"]
[Date "2016.03.13"]
[Round "9.6"]
[White "Rehak, Martin"]
[Black "Daniel, Jiri"]
[Result "1/2-1/2"]
[WhiteElo "2088"]
[BlackElo "1915"]
[PlyCount "21"]
[EventDate "2015.10.18"]
[EventType "team-tourn"]
[EventRounds "11"]
[EventCountry "CZE"]
[SourceTitle "EXT 2022"]
[Source "ChessBase"]
[SourceDate "2021.10.06"]
[SourceVersion "1"]
[SourceVersionDate "2021.10.06"]
[SourceQuality "1"]
[WhiteTeam "Praha Vrsovice"]
[BlackTeam "Lysa nad Labem IV"]
[WhiteTeamCountry "CZE"]
[BlackTeamCountry "CZE"]

1. c4 c5 2. Nf3 Nc6 3. d4 cxd4 4. Nxd4 g6 5. Nxc6 bxc6 6. Qd4 Nf6 7. b3 Bg7 8. Bb2 0-0 9. g3 Bb7 10. Qd1 c5 11. Rg1 1/2-1/2

[Event "CZE-chT1E 1415"]
[Site "Czech Republic"]
[Date "2015.03.22"]
[Round "10.7"]
[White "Cempel, Jaroslav"]
[Black "Daniel, Jiri"]
[Result "1-0"]
[WhiteElo "2135"]
[BlackElo "1931"]
[PlyCount "69"]
[EventDate "2014.10.19"]
[EventType "team-tourn"]
[EventRounds "11"]
[EventCountry "CZE"]
[SourceTitle "EXT 2016"]
[Source "ChessBase"]
[SourceDate "2015.10.08"]
[SourceVersion "1"]
[SourceVersionDate "2015.10.08"]
[SourceQuality "1"]
[WhiteTeam "Opava"]
[BlackTeam "Rychnov nad Kneznou"]
[WhiteTeamCountry "CZE"]
[BlackTeamCountry "CZE"]

1. d4 Nf6 2. Bf4 d5 3. e3 e6 4. Bd3 Bd6 5. Bg5 Nbd7 6. f4 c5 7. c3 h6 8. Bxf6 gxf6 9. Ne2 e5 10. 0-0 e4 11. Bc2 c4 12. Ng3 Nb6 13. Qh5 Qd7 14. Qh4 Be7 15. f5 Qb5 16. b3 Qc6 17. Nd2 cxb3 18. Bxb3 Bd7 19. Rac1 Rc8 20. c4 Nxc4 21. Nxc4 dxc4 22. Rxc4 Qa6 23. Rxc8+ Bxc8 24. Qxe4 Qd6 25. Rc1 0-0 26. Qh4 Kh7 27. Qh5 Qa3 28. Rf1 Bd7 29. Rf4 Qc1+ 30. Nf1 Rg8 31. Rh4 Bf8 32. Qxf7+ Rg7 33. Qxf6 Rxg2+ 34. Kxg2 Qc6+ 35. Qxc6 1-0

[Event "Rakovnik Regional-chT 1415"]
[Site "Rakovnik"]
[Date "2015.01.18"]
[Round "6.8"]
[White "Daniel, Jiri"]
[Black "Cizek, Ondrej"]
[Result "1/2-1/2"]
[WhiteElo "1948"]
[BlackElo "1857"]
[PlyCount "161"]
[EventDate "2014.10.19"]
[EventType "team-tourn"]
[EventRounds "11"]
[EventCountry "CZE"]
[SourceTitle "EXT 2016"]
[Source "ChessBase"]
[SourceDate "2015.10.08"]
[SourceVersion "1"]
[SourceVersionDate "2015.10.08"]
[SourceQuality "1"]
[WhiteTeam "Lysa nad Labem IV"]
[BlackTeam "Pribram Pyrit"]
[WhiteTeamCountry "CZE"]
[BlackTeamCountry "CZE"]

1. c4 c5 2. Nc3 Nc6 3. g3 g6 4. Bg2 Bg7 5. Nf3 Nf6 6. 0-0 0-0 7. e3 d6 8. d4 Bg4 9. h3 Bxf3 10. Bxf3 Nd7 11. Ne2 Qb6 12. dxc5 Qxc5 13. Qd5 Nde5 14. Qxc5 Nxf3+ 15. Kg2 dxc5 16. Kxf3 Ne5+ 17. Kg2 Nxc4 18. Rb1 Rfd8 19. Re1 Nd2 20. Ra1 b6 21. Ng1 Rd7 22. Re2 Nc4 23. Rb1 Rad8 24. Rc2 Nd2 25. Ra1 Ne4 26. a4 Rd1 27. Ra2 Nd2 28. Ne2 Nb3 29. e4 Nxc1 30. Nxc1 R8d4 31. Kf3 Rb4 32. a5 Rdd4 33. axb6 axb6 34. Re2 Bh6 35. Ra8+ Kg7 36. Na2 Ra4 37. Rxa4 Rxa4 38. Nc3 Rb4 39. Nd5 Rb3+ 40. Kg2 e6 41. Nc3 Bc1 42. Nd1 Rd3 43. Nc3 Rd4 44. Rc2 Bd2 45. Ne2 Rd7 46. Ng1 Bb4 47. Nf3 b5 48. Ne5 Rd4 49. Kf3 Rd6 50. Ke2 c4 51. Nf3 Rd3 52. Ne5 Rb3 53. Nc6 c3 54. bxc3 Bxc3 55. Na7 Bd4 56. Nc6 Bb6 57. Ne5 b4 58. Nd3 Bd4 59. Nc1 Rb2 60. Kd3 Rxc2 61. Kxc2 Bxf2 62. g4 Bc5 63. Nd3 Be7 64. e5 Kh6 65. Nf2 f6 66. exf6 Bxf6 67. Ne4 Be7 68. Kb3 Kg7 69. g5 Kf7 70. h4 e5 71. Nf2 Ke6 72. Ng4 Kf5 73. Nh6+ Kf4 74. Ng8 Bf8 75. Nf6 h6 76. gxh6 Bxh6 77. Kxb4 e4 78. h5 Kf5 79. Nxe4 Bf8+ 80. Kc4 gxh5 81. Ng3+ 1/2-1/2

[Event "CZE-chT2D 1213"]
[Site "Czech Republic"]
[Date "2013.03.03"]
[Round "10.8"]
[White "Daniel, Jiri"]
[Black "Vaculik, Jakub"]
[Result "1/2-1/2"]
[WhiteElo "1932"]
[BlackElo "1862"]
[PlyCount "170"]
[EventDate "2012.10.14"]
[EventType "team-tourn"]
[EventRounds "11"]
[EventCountry "CZE"]
[SourceTitle "EXT 2016"]
[Source "ChessBase"]
[SourceDate "2015.10.08"]
[SourceVersion "1"]
[SourceVersionDate "2015.10.08"]
[SourceQuality "1"]
[WhiteTeam "Rychnov nad Kneznou"]
[BlackTeam "Velke Losiny"]
[WhiteTeamCountry "CZE"]
[BlackTeamCountry "CZE"]

1. c4 Nf6 2. d4 e6 3. Nc3 d5 4. Nf3 c6 5. e3 Nbd7 6. a3 Be7 7. Bd3 0-0 8. 0-0 dxc4 9. Bxc4 c5 10. Qe2 cxd4 11. Nxd4 Nb6 12. Ba2 Bc5 13. Rd1 Bxd4 14. Rxd4 Qe7 15. e4 e5 16. Rd3 Be6 17. Nd5 Bxd5 18. exd5 Rad8 19. Bg5 h6 20. Bh4 Qd6 21. Rad1 Rc8 22. Bxf6 Qxf6 23. d6 Nd7 24. Rf3 Qg5 25. Rg3 Qh4 26. h3 Qa4 27. Bb3 Qh4 28. Qb5 Qd8 29. Qxb7 a5 30. Qd5 Rc5 31. Qd2 Kh8 32. Rf3 f5 33. Rc3 Qb6 34. Be6 Rxc3 35. Qxc3 Nc5 36. Qxe5 Ne4 37. Qd4 Qxd4 38. Rxd4 g6 39. d7 Rd8 40. g4 Nf6 41. gxf5 gxf5 42. Bxf5 Kg7 43. Rd6 Kf7 44. Ra6 Nxd7 45. Bxd7 Rxd7 46. Rxh6 Rd3 47. Rh5 a4 48. Rh4 Rb3 49. Rxa4 Rxb2 50. Ra6 Ke7 51. Kg2 Rb3 52. h4 Kf7 53. f3 Ke7 54. Kg3 Kf7 55. h5 Kg7 56. Kg4 Kh7 57. a4 Kg7 58. Kg5 Rxf3 59. h6+ Kh7 60. Ra7+ Kg8 61. a5 Rf1 62. Rb7 Ra1 63. Rb5 Kh7 64. Kf6 Kxh6 65. Ke6 Kg6 66. Kd7 Kf6 67. Kc7 Ke6 68. Rb6+ Kd5 69. a6 Kc5 70. Rh6 Kd5 71. Kb7 Rg1 72. Rb6 Rg7+ 73. Ka8 Kc5 74. Rb7 Rg8+ 75. Rb8 Rg7 76. Rb7 Rg8+ 77. Ka7 Kc6 78. Rh7 Rf8 79. Rb7 Rh8 80. Rb8 Rh7+ 81. Ka8 Rg7 82. a7 Rh7 83. Rg8 Kc7 84. Rb8 Kc6 85. Rg8 Kc7 1/2-1/2

[Event "Pobeskydy op"]
[Site "Frydek Mistek"]
[Date "2008.03.24"]
[Round "9"]
[White "Daniel, Jiri"]
[Black "Petras, Marian"]
[Result "0-1"]
[WhiteElo "2038"]
[BlackElo "1690"]
[PlyCount "86"]
[EventDate "2008.03.20"]
[EventType "swiss"]
[EventRounds "9"]
[EventCountry "CZE"]
[SourceTitle "EXT 2010"]
[Source "ChessBase"]
[SourceDate "2010.11.25"]
[SourceVersion "1"]
[SourceVersionDate "2010.11.25"]
[SourceQuality "1"]

1. e4 c5 2. Nf3 d6 3. d4 cxd4 4. Nxd4 Nf6 5. Nc3 a6 6. Be2 e5 7. Nb3 Be6 8. 0-0 Be7 9. Bf3 0-0 10. Be3 Nbd7 11. Qd2 Rc8 12. Rad1 Nc5 13. Rfe1 b5 14. Bxc5 dxc5 15. Nd5 c4 16. Nc1 Rc6 17. Ne2 Bc5 18. Qg5 Bxf2+ 19. Kf1 Bxe1 20. Kxe1 Nxd5 21. Qxd8 Rxd8 22. exd5 Rcd6 23. Nc3 Bf5 24. Rd2 b4 25. Ne4 Bxe4 26. Bxe4 g6 27. g4 Kg7 28. c3 bxc3 29. bxc3 Kf6 30. h4 Kg7 31. Rb2 Rf6 32. Ke2 Rf4 33. Ke3 Rxg4 34. Rb4 Rc8 35. d6 Rg3+ 36. Kd2 f5 37. Bc2 Rd8 38. Rb6 a5 39. Rb7+ Kf6 40. d7 Ke6 41. Ba4 Rd3+ 42. Kc2 R3xd7 43. Bxd7+ Rxd7 0-1

[Event "Perla Baltyku op-B 3rd"]
[Site "Mielno"]
[Date "2007.06.25"]
[Round "9"]
[White "Jedrzejewski, Kamil"]
[Black "Daniel, Jiri"]
[Result "1-0"]
[WhiteElo "1975"]
[BlackElo "2055"]
[PlyCount "59"]
[EventDate "2007.06.18"]
[EventType "swiss"]
[EventRounds "9"]
[EventCountry "POL"]
[SourceTitle "EXT 2008"]
[Source "ChessBase"]
[SourceDate "2007.11.25"]
[SourceVersion "1"]
[SourceVersionDate "2007.11.25"]
[SourceQuality "1"]

1. e4 d5 2. exd5 Nf6 3. d4 Nxd5 4. c4 Nb6 5. c5 Nd5 6. Nc3 g6 7. Bc4 c6 8. Nf3 Bg7 9. h3 0-0 10. 0-0 b6 11. Bxd5 cxd5 12. b4 bxc5 13. bxc5 Nc6 14. Re1 Re8 15. Bf4 e6 16. Nb5 e5 17. Nd6 e4 18. Nxe8 Qxe8 19. Bd6 Qe6 20. Rb1 Qf5 21. Ne5 Nxe5 22. dxe5 Bxe5 23. Bxe5 Qxe5 24. Rb4 Be6 25. Qd4 Qg5 26. Rb3 Rc8 27. Reb1 Qe7 28. Rb8 Qc7 29. Rxc8+ Qxc8 30. Qe5 1-0

[Event "Pobeskydy Chance 18th"]
[Site "Frydek Mistek"]
[Date "2007.04.08"]
[Round "7"]
[White "Zavadil, Michal"]
[Black "Daniel, Jiri"]
[Result "1/2-1/2"]
[WhiteElo "2138"]
[BlackElo "2055"]
[PlyCount "42"]
[EventDate "2007.04.05"]
[EventType "swiss"]
[EventRounds "9"]
[EventCountry "CZE"]
[SourceTitle "CBM 118 Extra"]
[Source "ChessBase"]
[SourceDate "2007.07.04"]
[SourceVersion "1"]
[SourceVersionDate "2007.07.04"]
[SourceQuality "1"]

1. d4 Nf6 2. c4 g6 3. Nc3 Bg7 4. e4 d6 5. Nf3 0-0 6. h3 Nc6 7. Bg5 h6 8. Be3 e5 9. d5 Ne7 10. g4 Kh7 11. Bd3 c5 12. Qd2 Neg8 13. 0-0-0 Bd7 14. g5 Nh5 15. gxh6 Bxh6 16. Ne2 a6 17. Bxh6 Nxh6 18. Ng5+ Kg7 19. Rdg1 Qf6 20. Qe3 b5 21. Qf3 Qxf3 1/2-1/2

[Event "Pobeskydy Chance 18th"]
[Site "Frydek Mistek"]
[Date "2007.04.07"]
[Round "5"]
[White "Straka, Jozef1111"]
[Black "Daniel, Jiri"]
[Result "1/2-1/2"]
[WhiteElo "1905"]
[BlackElo "2055"]
[PlyCount "192"]
[EventDate "2007.04.05"]
[EventType "swiss"]
[EventRounds "9"]
[EventCountry "CZE"]
[SourceTitle "CBM 118 Extra"]
[Source "ChessBase"]
[SourceDate "2007.07.04"]
[SourceVersion "1"]
[SourceVersionDate "2007.07.04"]
[SourceQuality "1"]

1. d4 Nf6 2. c4 c5 3. Nf3 cxd4 4. Nxd4 Nc6 5. Nc3 d5 6. cxd5 Nxd5 7. Nxc6 bxc6 8. e4 Nxc3 9. Qxd8+ Kxd8 10. bxc3 e5 11. Bc4 f6 12. Be3 Bd6 13. Ke2 Ke7 14. Rhd1 Rd8 15. Rd2 Bc7 16. Bc5+ Ke8 17. Rxd8+ Bxd8 18. Rb1 Be7 19. Be3 Bd6 20. Rb3 Kd8 21. f3 Kc7 22. a4 Kd8 23. a5 Kd7 24. a6 Kc7 25. h4 c5 26. Rb2 Rb8 27. Ra2 Rb1 28. Kd2 Rh1 29. Bf2 Rb1 30. Kc2 Rb6 31. Ra5 Kd8 32. Bb5 Bd7 33. c4 Bc8 34. Ra1 Ke7 35. Be1 g6 36. Ba5 Rb8 37. Rd1 Be6 38. Kc3 Rc8 39. Kc2 Bc7 40. Bc3 Rd8 41. Rh1 Rd6 42. g4 Bc8 43. Ra1 Ke6 44. Bd2 f5 45. gxf5+ gxf5 46. Be3 Bb6 47. Rg1 Kf7 48. h5 f4 49. Bf2 Rh6 50. Rg5 Bc7 51. Bxc5 Bxa6 52. Rf5+ Kg8 53. Bxa7 Bc8 54. Rg5+ Kf7 55. c5 Be6 56. Bb6 Kf6 57. Rg1 Bb8 58. c6 Bd6 59. c7 Rxh5 60. Ba6 Rh2+ 61. Kc3 Bxc7 62. Bxc7 Rf2 63. Bd8+ Kf7 64. Rg5 Rxf3+ 65. Kd2 Ra3 66. Bb7 Ra4 67. Rxe5 Rd4+ 68. Ke2 Bg4+ 69. Kf2 Rd2+ 70. Ke1 Rxd8 71. Rg5 h5 72. Ra5 Ke6 73. Kf2 Rd2+ 74. Ke1 Re2+ 75. Kf1 Rb2 76. Bc8+ Kd6 77. e5+ Ke7 78. Ra7+ Kd8 79. Bxg4 hxg4 80. Rf7 Rb4 81. Kg2 Re4 82. e6 Re2+ 83. Kg1 Re4 84. Kg2 Ke8 85. Kf2 Kd8 86. Kg2 Rc4 87. Kf2 Rc2+ 88. Kf1 f3 89. Rf4 Rg2 90. Rf7 Ke8 91. Rg7 g3 92. Rf7 Rf2+ 93. Kg1 Kd8 94. Rg7 Rg2+ 95. Kf1 Ke8 96. Rf7 Rf2+ 1/2-1/2

[Event "Hradec Kralove Region-chT 0506"]
[Site "Czech Republic"]
[Date "2006.04.02"]
[Round "11.5"]
[White "Daniel, Jiri"]
[Black "Kudr, Roman"]
[Result "1-0"]
[WhiteElo "2028"]
[BlackElo "1883"]
[PlyCount "87"]
[EventDate "2005.10.23"]
[EventType "team-tourn"]
[EventRounds "11"]
[EventCountry "CZE"]
[SourceTitle "EXT 2024"]
[Source "ChessBase"]
[SourceDate "2023.10.10"]
[SourceVersion "1"]
[SourceVersionDate "2023.10.10"]
[SourceQuality "1"]
[WhiteTeam "Rychnov nad Kneznou"]
[BlackTeam "Jaromer Jiskra"]
[WhiteTeamCountry "CZE"]
[BlackTeamCountry "CZE"]

1. e4 c6 2. d4 d5 3. Nc3 dxe4 4. Nxe4 Nd7 5. Bd3 Ngf6 6. Qe2 Nxe4 7. Qxe4 e6 8. Nf3 Nf6 9. Qe2 Bd6 10. Bg5 h6 11. Bh4 Qa5+ 12. c3 Nd5 13. Bg3 Nxc3 14. Qd2 Bb4 15. 0-0 Ne4 16. Qf4 Nf6 17. a3 Be7 18. b4 Qd8 19. Ne5 Bd6 20. Rad1 Bxe5 21. dxe5 Nd5 22. Qc4 Bd7 23. Rde1 a5 24. Re4 axb4 25. axb4 Ra4 26. Rb1 Qa8 27. Rg4 g5 28. h4 Ra1 29. Rf1 Rxf1+ 30. Bxf1 Qa1 31. Qc5 Nc3 32. Qe3 Qd1 33. Rc4 Nb5 34. Qb6 Bc8 35. Qe3 Bd7 36. Rc1 Qd4 37. Qf3 gxh4 38. Rc4 Qd5 39. Bxh4 Rg8 40. Bg3 Nd4 41. Qa3 Bc8 42. b5 Nxb5 43. Qb4 Qd7 44. Rg4 1-0